A Brief History Of Ayurveda: (Record no. 183358)
[ view plain ]
| 000 -LEADER | |
|---|---|
| fixed length control field | 00681 a2200193 4500 |
| 005 - DATE AND TIME OF LATEST TRANSACTION | |
| control field | 20211223145729.0 |
| 010 ## - LCCN (DPL NO) | |
| LC control number | ENG-130558 |
| 020 ## - INTERNATIONAL STANDARD BOOK NUMBER | |
| International Standard Book Number | 978-0-19-012108-2 |
| Terms of availability | 995.00 |
| 035 ## - SYSTEM CONTROL NUMBER | |
| System control number | EN-114090 |
| 037 ## - SOURCE OF ACQUISITION | |
| Source of stock number/acquisition | DBAD/PUB |
| 082 ## - DEWEY DECIMAL CLASSIFICATION NUMBER | |
| Classification number | 615.53809 |
| Item number | 1 |
| 100 ## - MAIN ENTRY--PERSONAL NAME | |
| Personal name | Varier, Raghava |
| 245 ## - TITLE STATEMENT | |
| Title | A Brief History Of Ayurveda: |
| Statement of responsibility, etc | Raghava Varier |
| 250 ## - EDITION STATEMENT | |
| Edition statement | 2020 |
| 260 ## - PUBLICATION, DISTRIBUTION, ETC. (IMPRINT) | |
| Place of publication, distribution, etc | New Delhi |
| Name of publisher, distributor, etc | Oxford University Press |
| Date of publication, distribution, etc | 2021 |
| 270 ## - ADDRESS | |
| Address | 22 Workspace, 2nd Floor, 1/22 Asaf Ali Road |
| City | New Delhi |
| Postal code | 110002 |
| 300 ## - PHYSICAL DESCRIPTION | |
| Extent | vii-xv, 173p. |
| Dimensions | 22cm (hbk) |
| Other physical details | Appendix, Treatment for Plants And Animals, Selected Glossary, Selected Reading,Index |
| 942 ## - ADDED ENTRY ELEMENTS (KOHA) | |
| Institution code [OBSOLETE] | dpl |
| Item type | English Books |
| Source of classification or shelving scheme | Dewey Decimal Classification |
| Classification part | 615.53809 |
| Call number suffix | VAR |
| Withdrawn status | Lost status | Not for loan | Collection code | Home library | Current library | Date acquired | Source of acquisition | Cost, normal purchase price | Full call number | Barcode | Copy number | Cost, replacement price | Koha item type |
|---|---|---|---|---|---|---|---|---|---|---|---|---|---|
| Non-fiction | Patel Nagar | Patel Nagar | 23/12/2021 | DBAD/PUB | 995.00 | 615.53809 VAR | EN-114090 | 1 | 995.00 | English Books |
